<?xml version="1.0" encoding="UTF-8"?>
<record
    xmlns:xsi="http://www.w3.org/2001/XMLSchema-instance"
    xsi:schemaLocation="http://www.loc.gov/MARC21/slim http://www.loc.gov/standards/marcxml/schema/MARC21slim.xsd"
    xmlns="http://www.loc.gov/MARC21/slim">

  <leader>01530nam a22003255a 4500</leader>
  <controlfield tag="001">1696399</controlfield>
  <controlfield tag="003">OSt</controlfield>
  <controlfield tag="005">20220606080913.0</controlfield>
  <controlfield tag="008">211013s2021    ck a   gr     000 0 spa d</controlfield>
  <datafield tag="020" ind1=" " ind2=" ">
    <subfield code="a">9789584294845</subfield>
  </datafield>
  <datafield tag="040" ind1=" " ind2=" ">
    <subfield code="a">CO-BoBLA </subfield>
    <subfield code="b">spa </subfield>
    <subfield code="c">CO-MqBPB</subfield>
    <subfield code="e">rda</subfield>
  </datafield>
  <datafield tag="041" ind1="0" ind2=" ">
    <subfield code="a">spa</subfield>
  </datafield>
  <datafield tag="043" ind1=" " ind2=" ">
    <subfield code="a">s-ck---</subfield>
  </datafield>
  <datafield tag="082" ind1="0" ind2="4">
    <subfield code="a">NG</subfield>
    <subfield code="b">MENh</subfield>
  </datafield>
  <datafield tag="100" ind1="1" ind2=" ">
    <subfield code="a">Mendoza, Mario, </subfield>
    <subfield code="d">1964-</subfield>
  </datafield>
  <datafield tag="245" ind1="1" ind2="0">
    <subfield code="a">Homo capensis : </subfield>
    <subfield code="b">el &#xDA;ltimo d&#xED;a sobre la tierra / </subfield>
    <subfield code="c">Mario Mendoza, keco Olano, Heidi Muskus ; ilustrador Re'em Camargo.</subfield>
  </datafield>
  <datafield tag="264" ind1=" " ind2="4">
    <subfield code="a">Bogot&#xE1; : </subfield>
    <subfield code="b">Planeta, </subfield>
    <subfield code="c">2021.</subfield>
  </datafield>
  <datafield tag="300" ind1=" " ind2=" ">
    <subfield code="a">43 p&#xE1;ginas : </subfield>
    <subfield code="b">ilustraciones a color ; </subfield>
    <subfield code="c">27 cm.</subfield>
  </datafield>
  <datafield tag="490" ind1="1" ind2=" ">
    <subfield code="a">Planeta C&#xF3;mic ; </subfield>
    <subfield code="v">5</subfield>
  </datafield>
  <datafield tag="500" ind1=" " ind2=" ">
    <subfield code="a">La verdad es m&#xE1;s aterradora de lo que imaginas.

Martina, una periodista de judiciales de un diario, comienza a investigar una serie de cr&#xED;menes extra&#xF1;os que ocurren en diferentes lugares de la ciudad. Los autores parecen tener conocimiento m&#xE9;dico porque realizan intervenciones quir&#xFA;rgicas muy precisas, Bogot&#xE1; padece una epidemia de gripa monumental, las calles est&#xE1;n desoladas. Martina descubrir&#xE1; que la verdad es m&#xE1;s aterradora de lo que imaginaba.</subfield>
  </datafield>
  <datafield tag="650" ind1=" " ind2="4">
    <subfield code="a">Novela gr&#xFFFD;fica.</subfield>
  </datafield>
  <datafield tag="650" ind1=" " ind2="4">
    <subfield code="a">Crimen</subfield>
    <subfield code="x"> Tiras c&#xF3;micas, historietas, etc.</subfield>
  </datafield>
  <datafield tag="650" ind1=" " ind2="4">
    <subfield code="a">Pandemias</subfield>
    <subfield code="v"> Novela</subfield>
    <subfield code="x"> Tiras c&#xF3;micas, historietas, etc.</subfield>
  </datafield>
  <datafield tag="650" ind1=" " ind2="4">
    <subfield code="a">Terror</subfield>
    <subfield code="x"> Tiras c&#xF3;micas, historietas, etc.</subfield>
  </datafield>
  <datafield tag="700" ind1="1" ind2=" ">
    <subfield code="a">Olano, Keco, </subfield>
    <subfield code="d">1971-</subfield>
  </datafield>
  <datafield tag="700" ind1="1" ind2=" ">
    <subfield code="a">Muskus Ealo, Heidi Patricia.</subfield>
  </datafield>
  <datafield tag="700" ind1="1" ind2=" ">
    <subfield code="a">Camargo, Re'em, </subfield>
    <subfield code="e">ilustraci&#xFFFD;n.</subfield>
  </datafield>
  <datafield tag="942" ind1=" " ind2=" ">
    <subfield code="2">ddc</subfield>
    <subfield code="c">BKLIT</subfield>
  </datafield>
  <datafield tag="949" ind1=" " ind2=" ">
    <subfield code="a">m    </subfield>
    <subfield code="b">c</subfield>
  </datafield>
  <datafield tag="999" ind1=" " ind2=" ">
    <subfield code="c">14279</subfield>
    <subfield code="d">14279</subfield>
  </datafield>
  <datafield tag="952" ind1=" " ind2=" ">
    <subfield code="0">0</subfield>
    <subfield code="1">0</subfield>
    <subfield code="2">ddc</subfield>
    <subfield code="4">0</subfield>
    <subfield code="7">0</subfield>
    <subfield code="8">LA</subfield>
    <subfield code="a">BPMOS</subfield>
    <subfield code="b">BPMOS</subfield>
    <subfield code="d">2022-06-06</subfield>
    <subfield code="e">Compra BPSJBM 2022</subfield>
    <subfield code="l">9</subfield>
    <subfield code="o">NG MENh</subfield>
    <subfield code="p">MOS502338</subfield>
    <subfield code="r">2025-12-01</subfield>
    <subfield code="s">2025-11-13</subfield>
    <subfield code="t">EJ 1</subfield>
    <subfield code="w">2022-06-06</subfield>
    <subfield code="y">BKLIT</subfield>
    <subfield code="z">Cinco d&#xED;as</subfield>
  </datafield>
  <datafield tag="952" ind1=" " ind2=" ">
    <subfield code="0">0</subfield>
    <subfield code="1">0</subfield>
    <subfield code="2">ddc</subfield>
    <subfield code="4">0</subfield>
    <subfield code="7">0</subfield>
    <subfield code="8">LA</subfield>
    <subfield code="a">BPMOS</subfield>
    <subfield code="b">BPMOS</subfield>
    <subfield code="d">2022-06-06</subfield>
    <subfield code="e">Compra BPSJBM 2022</subfield>
    <subfield code="l">6</subfield>
    <subfield code="o">NG MENh</subfield>
    <subfield code="p">MOS502340</subfield>
    <subfield code="r">2025-11-04</subfield>
    <subfield code="s">2025-05-17</subfield>
    <subfield code="t">EJ 2</subfield>
    <subfield code="w">2022-06-06</subfield>
    <subfield code="y">BKLIT</subfield>
    <subfield code="z">Cinco d&#xED;as</subfield>
  </datafield>
</record>
